History Quiz

Random History or Art Quiz
Score 0/15 Timer 06:00
0 Plays Today
Question Answer Wrong Answers
Vincent van Gogh The Starry Night
93.9%
Impression: Sunrise
0.3%
Still Life with Apples
1.8%
Le Dejuener sur l'herbe
1.2%
Edgar Degas The Dance Class
83.3%
The Child's Bath
4.6%
The Starry Night
0.6%
Le Dejuener sur l'herbe
7.5%
Claude Monet Impression:Sunrise
81.3%
The Boulevard Montmartre on a Winter Morning
4%
Bridge at Villeneuve-la-Garenne
8.4%
The Starry Night
2.6%
Georges Seurat A Sunday on La Grande Jatte
81.2%
Tahitian Women on the Beach
3.8%
Bridge at Villeneuve-la-Garenne
8.7%
Impression: Sunrise
2.8%
Paul Gauguin Tahitian Women on the Beach
80.9%
At the Moulin Rouge
5.8%
Sunset at Ivry
5.5%
The Child's Bath
4.4%
Paul Cezanne Still Life with Apples
77.5%
The Starry Night
1.4%
At the Moulin Rouge
9.3%
A Sunday on La Grande Jatte
8.6%
Armand Guillaumin Sunset at Ivry
72.5%
Impression: Sunrise
4.4%
Summer's Day
4.7%
Still Life with Apples
14.1%
Henri de Toulouse Lautrec At the Moulin Rouge
71.4%
Paris Street, Rainy Day
10.2%
The Boulevard Montmartre on a Winter's Morning
8.3%
Still Life with Apples
5.8%
Edouard Manet Le Dejuener sur l'herbe
70.6%
Tahitian Women on the Beach
3.5%
A Sunday on La Grande Jatte
8.6%
Impression: Sunrise
13.9%
Pierre August Renoir Dance at Le Moulin de la Galette
70.5%
The Child's Bath
3.8%
Summer's Day
15.3%
A Sunday on La Grande Jatte
6.9%
Mary Cassatt The Child's Bath
69.3%
The Dance Class
8.1%
Summer's Day
12.7%
At the Moulin Rouge
6.6%
Alfred Sisley Bridge at Villeneuve-la-Garenne
54.1%
Paris Street, Rainy Day
20.6%
The Starry Night
0.8%
Sunset at Ivry
20.3%
Camille Pissarro The Boulevard Montmartre on a Winter Morning
54.1%
Paris Street, Rainy Day
15.6%
Dance at Le Moulin de Galette
9.6%
Summer's Day
17.7%
Gustave Caillebotte Paris Street, Rainy Day
52%
The Boulevard Montmartre on a Winter's Morning
16.7%
Sunset at Irvy
19.7%
At the Moulin Rouge
7.6%
Berthe Morisot Summer's Day
48%
The Child's Bath
29.4%
The Dance Class
7.8%
Dance at Le Moulin de Galette
10.7%
Remove Ads.
Support Sporcle.
Get the best of Sporcle when you Go Orange. This ad-free experience offers more features, more stats, and more fun while also helping to support Sporcle. Thank you for becoming a member.

You're not logged in!

Compare scores with friends on all Sporcle quizzes.
OR
Log In

Sporcle TV

Today on Sporcle TV


Watch our educational content, quiz creation guides, and fun videos on Sporcle TV.

Show Comments

Extras

Top Quizzes Today


Score Distribution

Paid Content

Your Account Isn't Verified!

In order to create a playlist on Sporcle, you need to verify the email address you used during registration. Go to your Sporcle Settings to finish the process.

Report this User

Report this user for behavior that violates our Community Guidelines.

Details: